[Event "Nizhnij Tagil City-ch"]
[Site "Nizhnij Tagil"]
[Date "2007.12.14"]
[Round "10"]
[White "Beljakov, Igor"]
[Black "Sufiev, Rinat"]
[Result "1/2-1/2"]
[WhiteElo "2245"]
[BlackElo "2183"]
[PlyCount "30"]
[EventDate "2007.11.26"]
[EventType "tourn"]
[EventRounds "13"]
[EventCountry "RUS"]
[SourceTitle "EXT 2009"]
[Source "ChessBase"]
[SourceDate "2008.11.26"]
[SourceVersion "1"]
[SourceVersionDate "2008.11.26"]
[SourceQuality "1"]

1. e4 e6 2. d4 d5 3. exd5 exd5 4. Nf3 Nf6 5. Bd3 Bg4 6. h3 Bh5 7. 0-0 Be7 8. Re1 0-0 9. c3 Nbd7 10. Bf4 c5 11. Nbd2 c4 12. Bf5 Re8 13. Qb1 Bg6 14. Bxg6 hxg6 15. b3 b5 1/2-1/2